Phossy Jaw and the French Match Workers : (Record no. 610160)

MARC details
000 -LEADER
fixed length control field 00502nam a2200193 a 4500
008 - FIXED-LENGTH DATA ELEMENTS--GENERAL INFORMATION
fixed length control field 260204s2016##################000#0#eng##
020 ## - INTERNATIONAL STANDARD BOOK NUMBER
ISBN 9781138245167
082 04 - DEWEY DECIMAL CLASSIFICATION NUMBER
Classification number 305.43
Item number GOR.4
100 1# - MAIN ENTRY--AUTHOR NAME
Personal name Gordon, Bonnie,
245 10 - TITLE STATEMENT
Title Phossy Jaw and the French Match Workers :
260 ## - PUBLICATION, DISTRIBUTION, ETC. (IMPRINT)
Year of publication 2016.
300 ## - PHYSICAL DESCRIPTION
Number of Pages 196 pages
650 #0 - SUBJECT ADDED ENTRY--TOPICAL TERM
Topical Term Industrial hygiene.
942 ## - ADDED ENTRY ELEMENTS (KOHA)
Koha item type English Books
Holdings
Withdrawn status Lost status Damaged status Not for loan Home library Current library Shelving location Date acquired Full call number Accession Number Price effective from Koha item type
        Anna Centenary Library Anna Centenary Library 3RD FLOOR, B WING 04.02.2026 305.43 GOR.4 607040 04.02.2026 English Books

Find us on the map